Greenhouse pest management

Other Authors: Anandrao, Laichattiwar Mukesh
Published: Oakville, ON Canada: Delve Publishing, [2020].
Subjects:
LEADER 00943cam a2200265 7i4500
001 0000148689
005 20200708090000.0
008 200708t20202020xxca ### #00001eng##
020 # # |a 9781774072202  
040 # # |a UMT 
090 0 0 |a SB 936   |b .G7 2020 
245 0 0 |a Greenhouse pest management   |c edited by Laichattiwar Mukesh Anandrao. 
264 # 4 |c ♭2020. 
264 # 1 |a Oakville, ON Canada:   |b Delve Publishing,   |c [2020]. 
300 # # |a xvii, 272 pages:   |b some colour illustrations;   |c 24 cm. 
336 # # |a text  |2 rdacontent 
337 # # |a unmediated  |2 rdamedia 
338 # # |a volume  |2 rdacarrier 
504 # # |a Includes bibliographical references and index 
590 # # |a Fakulti Perikanan dan Sains Makanan 
650 0 0 |a Insect pests --   |x Control  
650 0 0 |a Mites --   |x Control  
650 0 0 |a Greenhouse plants --   |x Diseases and pests --   |x Control  
700 1 # |a Anandrao, Laichattiwar Mukesh  
999 |a 1100109097  |b Book  |c Open Shelf  |e KOLEKSI TERBUKA